Caminando con jesús 1 : (Registro nro. 8062)

Detalles MARC
000 -LEADER
fixed length control field 01934nam a2200361 a 4500
001 - CONTROL NUMBER
control field 000012784
003 - CONTROL NUMBER IDENTIFIER
control field DO-SdBNP
005 - DATE AND TIME OF LATEST TRANSACTION
control field 20170315105232.0
007 - PHYSICAL DESCRIPTION FIXED FIELD--GENERAL INFORMATION
fixed length control field 000012784
008 - FIXED-LENGTH DATA ELEMENTS--GENERAL INFORMATION
fixed length control field 150130s1996 dr ac 000 0 spa d
040 ## - CATALOGING SOURCE
Original cataloging agency BPMSU
Language of cataloging spa
Transcribing agency BPMSU
092 ## - LOCALLY ASSIGNED DEWEY CALL NUMBER (OCLC)
Classification number xxxxxx
Item number C183j
245 00 - TITLE STATEMENT
Title Caminando con jesús 1 :
Remainder of title formación integral, humana y religiosa, (educación básica) /
Statement of responsibility, etc. autores, Mercy del a Rosa de Castillo...[et. al] ; ilustración Julio César Martínez.
246 ## - VARYING FORM OF TITLE
Title proper/short title Caminando con jesus :
Remainder of title educación básica
260 ## - PUBLICATION, DISTRIBUTION, ETC. (IMPRINT)
Place of publication, distribution, etc. Santo Domingo :
Name of publisher, distributor, etc. Susaeta,
Date of publication, distribution, etc. 1995
300 ## - PHYSICAL DESCRIPTION
Extent v. :
Other physical details il., retrs. ;
Dimensions 25 cm.
490 1# - SERIES STATEMENT
Series statement Caminando con Jesus
Volume/sequential designation :del 1 al 8
500 ## - GENERAL NOTE
General note Educación básica.
500 ## - GENERAL NOTE
General note La biblioteca solamente posee el volumen 1
500 ## - GENERAL NOTE
General note Texto aprobado por la Conferencia del Episcopado Dominicano y con la debida Licencia Eclesiástica. No. Prot. C/17/95-96, de fecha 6 de Septiembre de 1995, y por la Secretaria de Estado de Educación, Bellas Artes y Cultos, por el oficio. No 2327, de fecha 19 de julio de 1995.
505 0# - FORMATTED CONTENTS NOTE
Miscellaneous information v. 1 :
-- unidad 1 --
Title Dios es el creador de la naturaleza y de la vida --
Miscellaneous information unidad 2 --
Title Dios muestra su amor en la naturaleza y en todo lo creado --
Miscellaneous information unidad 3 --
Title Amo y cuido lo que Dios creó --
Miscellaneous information unidad 4 --
Title Mi vida es un regalo de Dios --
Miscellaneous information unidad 5 --
Title Recibo el amor de Dios padre, en las demás personas y en Jesús --
Miscellaneous information unidad 6 --
Title Jesús me enseña a amar la vida --
700 1# - ADDED ENTRY--PERSONAL NAME
Personal name Rosa de Castillo, Mercy de la
700 1# - ADDED ENTRY--PERSONAL NAME
Personal name Barías de Jiménez, Casilda
700 1# - ADDED ENTRY--PERSONAL NAME
Personal name García A., Freddy Antonio
700 1# - ADDED ENTRY--PERSONAL NAME
Personal name Valerio Pérez, Salvador
700 1# - ADDED ENTRY--PERSONAL NAME
Personal name Martínez, Julio César
Relator term il.
830 #0 - SERIES ADDED ENTRY--UNIFORM TITLE
Uniform title Caminando con Jesus
Number of part/section of a work 1 al 8
930 #1 - EQUIVALENCE OR CROSS-REFERENCE-UNIFORM TITLE HEADING [LOCAL, CANADA]
Language of a work BND01
Medium of performance for music LF1
Field link and sequence number 20091117
Date of a work 01
Name of part/section of a work CT
Miscellaneous information 7743
942 ## - ADDED ENTRY ELEMENTS (KOHA)
Source of classification or shelving scheme Dewey Decimal Classification
Koha item type Libros
956 ## - LOCAL ELECTRONIC LOCATION AND ACCESS (OCLC)
Host name BTAVAREZ
Access number 10
Compression information 20100226
Logon BND01
Processor of request 1134
956 ## - LOCAL ELECTRONIC LOCATION AND ACCESS (OCLC)
Host name YLOCKWARD
Access number 10
Compression information 20150803
Logon BND01
Processor of request 1547
956 ## - LOCAL ELECTRONIC LOCATION AND ACCESS (OCLC)
Host name LOPEREZ
Access number 10
Compression information 20160413
Logon BPMSU
Processor of request 00041
Existencias
Withdrawn status Lost status Source of classification or shelving scheme Damaged status Not for loan Collection code Home library Current library Date acquired Source of acquisition Total Checkouts Barcode Date last seen Copy number Koha item type Price effective from
    Dewey Decimal Classification       Biblioteca Pública Metropolitana Salomé Ureña Biblioteca Pública Metropolitana Salomé Ureña 08/05/2015 Donación   BPMSU15080038 08/05/2015 v. 1 Libros  
    Dewey Decimal Classification       Biblioteca Pública Metropolitana Salomé Ureña Biblioteca Pública Metropolitana Salomé Ureña 08/05/2015 Donación   BPMSU15080039 08/05/2015 V. 1, e. 2 Libros 08/05/2015